| 000 | 00000cas 2200000za 4500 |
| 001 | 9.807323 |
| 003 | CaOODSP |
| 005 | 20260323134748 |
| 007 | cr ||||||||||| |
| 008 | 150406d20152025onc x m o f0 a0eng|d |
| 022 | |a2369-9639 |
| 040 | |aCaOODSP|beng |
| 043 | |an-cn--- |
| 086 | 1 |aFB3-7E-PDF |
| 222 | 0|aStaff analytical note |
| 245 | 00|aStaff analytical note |h[electronic resource] / |cBank of Canada. |
| 246 | 2 |aNote analytique du personnel |
| 260 | |aOttawa : |bBank of Canada, |c2015- |
| 310 | |aIrregular |
| 362 | 0 |a2015/1-2025/29. |
| 500 | |aIssued also in French under title: Note analytique du personnel. |
| 710 | 2 |aBank of Canada. |
| 775 | 08|tNote analytique du personnel |w(CaOODSP)9.807326 |
| 785 | 00|tStaff analytical paper = |w(CaOODSP)9.958938 |